| 000 | 00852cam a22002531 4500 | ||
|---|---|---|---|
| 001 | 1232502 | ||
| 003 | ARRUPE | ||
| 005 | 20131126114153.0 | ||
| 008 | 710318s1962 rh ac 000 0 eng | ||
| 010 | _a 68038084 | ||
| 040 |
_aDLC _cDLC _dDLC |
||
| 043 |
_af-mw--- _af-rh--- _af-za--- |
||
| 050 | 0 | 0 |
_aPN5499.R6 _bG3 |
| 100 | 1 |
_aGale, W. D. _q(William Daniel) _93827 |
|
| 245 | 1 | 4 |
_aThe history of the Rhodesian Printing and Publishing Company ltd. _c[by W. D. Gale.] |
| 260 |
_aSalisbury, _bRhodesian Print. & Pub. Co. _c[1962] |
||
| 300 |
_a225 p. _billus., ports. _c23 cm. |
||
| 500 | _aAt head of title: The Rhodesian press. | ||
| 610 | 2 | 0 |
_aRhodesian Printing and Publishing Company. _93828 |
| 650 | 0 |
_aPress _zZimbabwe. _93829 |
|
| 740 | 0 | _aRhodesian press. | |
| 906 |
_a7 _bcbc _corignew _du _eocip _f19 _gy-gencatlg |
||
| 942 |
_2lcc _cMONOGRAPH |
||
| 999 |
_c118681 _d118681 |
||